Giro gráfico (Registro nro. 12183)

Detalles MARC
000 -LEADER
longitud fija campo de control 02543nam a22002897a 4500
003 - IDENTIFICADOR DE NUMERO DE CONTROL
control del campo AR-RoUNA
005 - FECHA DE LA ULTIMA MODIFICACION
control del campo 20251020154627.0
008 - CAMPO DE CONTROL - LIBROS
longitud fija campo de control 251016b |||||||| |||| 00| 0 spa d
020 ## - INTERNATIONAL STANDARD BOOK NUMBER
ISBN 978-9915-43-077-5
040 ## - ORIGEN DE LA CATALOGACION
Agencia que cataloga la obra original AR-RoUNA
Idioma en que se cataloga spa
Entidad que modifico el registro AR-RoUNA
041 ## - CODIGO DE IDIOMA
Codigo de idioma del texto / sonido o titulo separado spa
044 ## - CODIGO DE PAIS / ENTIDAD PRODUCTORA
Codigo MARC del pais ag
110 2# - ASIENTO PRINCIPAL - AUTOR INSTITUCIONAL
Nombre corporativo o de jurisdiccion como elemento de entrada Universidad Nacional de la República del Uruguay.
Unidad subordinada Facultad de Artes (UDELAR). Red Conceptualismos del Sur.
9 (RLIN) 27509
245 10 - TITULO PROPIAMENTE DICHO
Titulo Giro gráfico
Subtitulo : rumores y glamores del sur.
260 ## - EDITORIAL - PUBLICACION, DISTRIBUCION, ETC. (Pie de imprenta)
Lugar de publicacion, distribucion, etc Montevideo (Uruguay):
Nombre del editor, distribuidor, etc CasaMario,
Fecha de publicacion 2024.
300 ## - DESCRIPCION FISICA
Extension 371 p. :
Otros detalles fisicos fot. col.,
-- il. col.,
Dimensiones 25x17 cm.
520 3# - NOTA DE RESUMEN
Nota de resumen, etc. Giro Gráfico. Rumores y clamores del sur se presenta como una deriva situada en Uruguay del proyecto transversal de investigación y curaduría Giro Gráfico, como en el muro la hiedra, que impulsó la Red Conceptualismos del Sur entre 2015 y 2023 con el apoyo del Museo Reina Sofía de Madrid (MNCARS). El proyecto pone en diálogo formas de acción gráfica del presente de distintos puntos de América Latina y los movimientos negros, latinos e indígenas en Estados Unidos. Integrado por más de treinta investigadores, se inauguró en el MNCARS en 2022 e itinera luego al Museo Universitario de Arte Contemporáneo de México (MUAC-UNAM) en 2022-2023. Giro Gráfico. Rumores y clamores del sur es un proyecto internacional de investigación, exposiciones y actividades públicas en torno a la gráfica como instrumento comunicador de problemáticas sociales y políticas, que se desarrolla en varios espacios artísticos, culturales y educativos de Montevideo, Uruguay. Es coordinado por un grupo de investigadores de la Facultad de Artes de la Universidad de la República junto al colectivo Proyecto CasaMario. Propone relacionar y sistematizar materiales simbólicos, archivos gráficos y obras artísticas, que brindan testimonio de situaciones sociales conflictivas desde 1960 hasta la actualidad. Los materiales reunidos se refieren a una noción de lo gráfico que trasciende la idea del impreso (aunque obviamente la incluye), para extenderse a soportes y dispositivos diversos como carteles, pancartas, instalaciones, videos, intervenciones públicas, construcciones arquitectónicas, fotografías, archivos y obras de acervos museísticos.
650 #4 - MATERIA - TERMINO TEMATICO
Término temático general Diseño gráfico
General subdivision Artistas
650 #4 - MATERIA - TERMINO TEMATICO
Término temático general Arte
650 #4 - MATERIA - TERMINO TEMATICO
Término temático general Política
651 #4 - MATERIA - NOMBRE GEOGRAFICO
Termino geografico América Latina
9 (RLIN) 93
908 ## - SOPORTE
Soporte Imp
930 ## - ACCESION
Numero de accesion (NR) 12262
942 ## - FUENTE DE CLASIFICACION
Tipo de item Libro
Clasificacion Universal Decimal Classification
945 ## - INFORMACION DE PROCESAMIENTO
Fecha de ingreso o modificacion 2025-10-16
980 ## - DECLARACIÓN DE EQUIVALENCIA O SERIE DE REFERENCIA CRUZADA - NOMBRE / TÍTULO PERSONAL [LOCAL, CANADÁ]
Código del operador 5
Nombre del operador María Machado
Código del operador que modifico el registro 1
Nombre del operador que modifico el registro Maricel Allasia
Existencias
Estado retiro Estado perdido Sistema de clasificacion Estado general Biblioteca de origen Ubicacion actual Localizacion en estante Fecha de adquisicion Fuente de adquisicion Prestamos totales Signatura y librística Proveedor Numero de ejemplar Tipo de elemento KOHA Nota no publica
Disponible Disponible udc No dañado Arq. Hilarión H. Larguia Arq. Hilarión H. Larguia Diseño Gráfico - Sala 16/10/2025 Don 1 659.125 G526 18402 ej. 1 Libro